Normal view MARC view

Entry Personal Name

Number of records used in: 1

001 - CONTROL NUMBER

  • control field: 31380

003 - CONTROL NUMBER IDENTIFIER

  • control field: OSt

005 - DATE AND TIME OF LATEST TRANSACTION

  • control field: 20260629113446.0

008 - FIXED-LENGTH DATA ELEMENTS

  • fixed length control field: 260629|| aca||aabn | a|a d

040 ## - CATALOGING SOURCE

  • Original cataloging agency: OSt
  • Transcribing agency: OSt

100 ## - HEADING--PERSONAL NAME

  • Personal name: Henderson, Roy

670 ## - SOURCE DATA FOUND

  • Source citation: Work cat.: (OSt)25303: Henderson, Jaenette 31379, There's no such thing as public speaking: Make any presentation or speech as persuasive as a one-on -one conversation , 2007

Powered by Koha